00194 a2200097 4500001000700000040001100007100002500018240002500043245002000068300000800088195123 cMagnum aNunes, Lygia Bojunga10aA bolsa amarelalpor10aA bolsa amarela a135